K aktuálnym zmenám pri zdaňovaní príjmov fyzických osôb

Informácia o aktuálnych legislatívnych zmenách pri zdaňovaní príjmov fyzických osôb.

Salvato in:
Dettagli Bibliografici
Autore principale: Jarinkovičová, Valéria
Natura: Capitolo di libro
Lingua:slovacco
Soggetti:
Tags: Aggiungi Tag
Nessun Tag, puoi essere il primo ad aggiungerne!!

MARC

LEADER 00000naa a2200000 4500
001 0195117
005 20231207112716.5
041 0 |a slo 
044 |a SK 
245 1 0 |a K aktuálnym zmenám pri zdaňovaní príjmov fyzických osôb  |c Valéria Jarinkovičová 
520 |a Informácia o aktuálnych legislatívnych zmenách pri zdaňovaní príjmov fyzických osôb. 
610 2 0 |a zdaňovanie 
610 2 0 |a osoby fyzické 
610 2 0 |a zákony 
610 2 0 |a novelizácia 
610 2 0 |a Slovensko 
100 1 |a Jarinkovičová, Valéria